000 00714pam a2200241 a 4500
999 _c2057
_d2057
001 016977734
003 UkOxU
005 20230303103024.0
008 090518s2009 enka j 000 0 eng d
020 _a9780439944595
040 _cSTD
_dKH8
082 _a551.432 GAN
100 1 _aGaneri, Anita,
_d1961-
_eauthor
245 1 0 _aFreaky peaks /
_cAnita Ganeri ; illustrated by Mike Phillips.
260 _aLondon :
_bScholastic
_c2009.
300 _a128 p. :
_bill. ;
_c20 cm.
490 1 _aHorrible geography
500 _aOriginally published: Hippo, 2001.
650 0 _aMountains
_vJuvenile literature.
700 1 _aPhillips, Mike,
_d1961-
_eillustrator
830 0 _aHorrible geography.
942 _2ddc
_cNFIC